| 000 | 00805nam a22002177a 4500 | ||
|---|---|---|---|
| 999 |
_c7639 _d7639 |
||
| 003 | AR-CdUCM | ||
| 008 | 190321b ||||| |||| 00| 0 spa d | ||
| 040 |
_aMUNICIPALIDAD PROVINCIAL DEL CUSCO _cBIBLIOTECA MUNICIPAL DEL CUSCO |
||
| 082 |
_a985.008 / _bD85T |
||
| 245 |
_aDocumental del Perú : _bdepartamento de Tacna / |
||
| 260 |
_aLima : _bIOOPE, _c1971. |
||
| 300 |
_a160 páginas ; _bImágenes, mapas. _c21 cm. |
||
| 500 | _aDonación familia Nieto | ||
| 505 | _aContenido: Épocas históricas -- La guerra del Pacífico -- El Combate de Angamos -- La Casa de la Cultura de Tacna -- Toquepala ... | ||
| 650 |
_aHistoria de Tacna _921573 |
||
| 650 |
_aProducción _91785 |
||
| 650 |
_aFolklore _91081 |
||
| 700 |
_a Cortazar, Pedro Felipe (director) _917387 |
||
| 942 |
_2ddc _cLIBROS |
||
| 945 | _aafb | ||